000 00555nam a2200181 i 4500
001 41740
003 ES-MaACL
005 20230906160502.0
007 t|
008 030311s1958 sp ||||1| spa d
100 1 _aCastallo, Mario A.
_936384
245 1 0 _aNuestro primer hijo /
_cpor Mario A. Castallo ; [traducción directa del inglés por E. Donato Prunera].
250 _a1ª ed.
260 _aBarcelona :
_bBruguera,
_c[1958]
300 _a233 p. :
_bil. ;
_c21 cm.
700 1 _aDonato Prunera, E.
_945296
852 _aES-MaACL
_jC-16183
_bR.44152
999 _c41740
_d41740